<?xml version="1.0" encoding="UTF-8"?>
<record
    xmlns:xsi="http://www.w3.org/2001/XMLSchema-instance"
    xsi:schemaLocation="http://www.loc.gov/MARC21/slim http://www.loc.gov/standards/marcxml/schema/MARC21slim.xsd"
    xmlns="http://www.loc.gov/MARC21/slim">

  <leader>01437nam a2200397 i 4500</leader>
  <controlfield tag="001">196785</controlfield>
  <controlfield tag="003">SpMaBN</controlfield>
  <controlfield tag="005">20250731063051.0</controlfield>
  <controlfield tag="008">241124s2024    sp     | |||| 000 f spa  </controlfield>
  <datafield tag="015" ind1=" " ind2=" ">
    <subfield code="a">MON24</subfield>
  </datafield>
  <datafield tag="017" ind1=" " ind2=" ">
    <subfield code="a">M 8124-2024</subfield>
    <subfield code="b">Oficina Dep&#xF3;sito Legal Madrid</subfield>
  </datafield>
  <datafield tag="020" ind1=" " ind2=" ">
    <subfield code="a">9788410182035</subfield>
  </datafield>
  <datafield tag="035" ind1=" " ind2=" ">
    <subfield code="a">(SpMaBN)a7500286</subfield>
  </datafield>
  <datafield tag="040" ind1=" " ind2=" ">
    <subfield code="a">SpMaBN</subfield>
    <subfield code="b">spa</subfield>
    <subfield code="c">SpMaBN</subfield>
    <subfield code="e">rda</subfield>
  </datafield>
  <datafield tag="080" ind1=" " ind2=" ">
    <subfield code="a">821.134.3-31"20"</subfield>
  </datafield>
  <datafield tag="100" ind1="1" ind2=" ">
    <subfield code="a">Bivar, Manuel, </subfield>
    <subfield code="d">1985-</subfield>
    <subfield code="9">239328</subfield>
    <subfield code="e">aut</subfield>
  </datafield>
  <datafield tag="240" ind1="1" ind2="2">
    <subfield code="a">A charca</subfield>
    <subfield code="l">Espa&#xF1;ol</subfield>
  </datafield>
  <datafield tag="245" ind1="1" ind2="3">
    <subfield code="a">La charca / </subfield>
    <subfield code="c">Manuel Bivar ; traducci&#xF3;n, Elvira Riveiro Tob&#xED;o.</subfield>
  </datafield>
  <datafield tag="250" ind1=" " ind2=" ">
    <subfield code="a">Primera edici&#xF3;n: mayo 2024</subfield>
  </datafield>
  <datafield tag="264" ind1=" " ind2="1">
    <subfield code="a">Madrid : </subfield>
    <subfield code="b">De Conatus,</subfield>
    <subfield code="c">[2024].</subfield>
  </datafield>
  <datafield tag="264" ind1=" " ind2="4">
    <subfield code="c">&#xA9;2021</subfield>
  </datafield>
  <datafield tag="300" ind1=" " ind2=" ">
    <subfield code="a">98 p&#xE1;ginas ; </subfield>
    <subfield code="c">21 cm</subfield>
  </datafield>
  <datafield tag="336" ind1=" " ind2=" ">
    <subfield code="a">Texto</subfield>
    <subfield code="2">rdacontent</subfield>
  </datafield>
  <datafield tag="337" ind1=" " ind2=" ">
    <subfield code="a">sin mediaci&#xF3;n</subfield>
    <subfield code="2">rdamedia</subfield>
  </datafield>
  <datafield tag="338" ind1=" " ind2=" ">
    <subfield code="a">volumen</subfield>
    <subfield code="2">rdacarrier</subfield>
  </datafield>
  <datafield tag="490" ind1="1" ind2=" ">
    <subfield code="a">&#xBF;Qu&#xE9; nos contamos hoy? Narrativa</subfield>
  </datafield>
  <datafield tag="655" ind1=" " ind2="0">
    <subfield code="a">Novelas dist&#xF3;picas</subfield>
    <subfield code="9">235537</subfield>
  </datafield>
  <datafield tag="700" ind1="1" ind2=" ">
    <subfield code="a">Ribeiro Tob&#xED;o, Elvira, </subfield>
    <subfield code="d">1971-</subfield>
    <subfield code="9">239329</subfield>
    <subfield code="e">trl</subfield>
  </datafield>
  <datafield tag="852" ind1=" " ind2=" ">
    <subfield code="a">ES-MaACL</subfield>
    <subfield code="c">DEPOJ</subfield>
    <subfield code="j">N-10254</subfield>
    <subfield code="g">Dedicatoria aut&#xF3;grafa del autor</subfield>
    <subfield code="h">Donaci&#xF3;n: Manuel Bivar</subfield>
    <subfield code="x">Encuadernaci&#xF3;n r&#xFA;stica con solapas</subfield>
    <subfield code="9">206380</subfield>
  </datafield>
  <datafield tag="903" ind1=" " ind2=" ">
    <subfield code="9">239328</subfield>
    <subfield code="a">Bivar, Manuel, </subfield>
    <subfield code="d">1985-</subfield>
    <subfield code="e">dnr</subfield>
  </datafield>
  <datafield tag="942" ind1=" " ind2=" ">
    <subfield code="c">MONOGRAFIA</subfield>
    <subfield code="n">0</subfield>
  </datafield>
  <datafield tag="999" ind1=" " ind2=" ">
    <subfield code="c">196785</subfield>
    <subfield code="d">196785</subfield>
  </datafield>
  <datafield tag="952" ind1=" " ind2=" ">
    <subfield code="0">0</subfield>
    <subfield code="1">0</subfield>
    <subfield code="2">udc</subfield>
    <subfield code="4">0</subfield>
    <subfield code="7">0</subfield>
    <subfield code="8">Librosdedicados</subfield>
    <subfield code="a">ATENEOM</subfield>
    <subfield code="b">ATENEOM</subfield>
    <subfield code="c">DEPOJ</subfield>
    <subfield code="d">2025-07-29</subfield>
    <subfield code="e">DONACION</subfield>
    <subfield code="l">0</subfield>
    <subfield code="o">N-10254</subfield>
    <subfield code="p">2025-0765</subfield>
    <subfield code="r">2025-07-29 00:00:00</subfield>
    <subfield code="w">2025-07-29</subfield>
    <subfield code="y">MONOGRAFIA</subfield>
  </datafield>
</record>
